00979nam a2200253Ia 4500001001100000003000800011006001900019007001500038008004100053040002100094035002100115050002500136100003100161245006500192260004400257300001100301533015200312650002300464651005200487655002900539710001700568856012500585999001500710ebr5000783CaPaEBRm u cr cn|||||||||010124s2001 ncu s 000 0 eng d aCaPaEBRcCaPaEBR a(OCoLC)68063290714aJC177.B3bP35 2001eb1 aPaine, Thomas,d1737-1809.14aThe rights of manh[electronic resource] /cby Thomas Paine. aBlacksburg, VA :bVirginia Tech,c2001. a163 p. aElectronic reproduction.bPalo Alto, Calif. :cebrary,d2010.nAvailable via World Wide Web.nAccess may be limited to ebrary affiliated libraries. 0aPolitical science. 0aFrancexHistoryyRevolution, 1789-1799xCauses. 7aElectronic books.2local2 aebrary, Inc.40uhttp://site.ebrary.com/lib/rucke/Doc?id=5000783zAn electronic book accessible through the World Wide Web; click to view c2977d2977